banner koha

Especies vegetais no controle da poluicao sonora (comportamento acustico de algumas especies cultivadas) (Registro n. 275816)

MARC details
000 -LÍDER
campo de controle de tamanho fixo 00991nac a22002897a 4500
001 - NÚMERO DE CONTROLE
campo de controle BR8301859
003 - IDENTIFICADOR DO NÚMERO DE CONTROLE
campo de controle BR-BrBNA
005 - DATA E HORÁRIO DA ÚLTIMA TRANSAÇÃO
campo de controle 20240105115650.0
008 - CAMPO DE DADOS FIXOS--INFORMAÇÃO GERAL
campo de controle de tamanho fixo 230509b bl.|||m| |||| 00| 0 por d
040 ## - FONTE DA CATALOGAÇÃO
Instituição da catalogação original BR-BrBNA
Idioma da catalogação por
Instituição que transcreveu o registro Biblioteca Nacional de Agricultura
072 ## - CÓDIGO DE CATEGORIA DE ASSUNTO
Código de Categoria de Assunto T00; F70
090 ## - NÚMERO DE CHAMADA LOCAL
Número de chamada T00 BR8301859
100 1# - ENTRADA PRINCIPAL--NOME PESSOAL
Nome pessoal Vilaca, A.
100 1# - ENTRADA PRINCIPAL--NOME PESSOAL
Nome pessoal Vieira, A.
110 1# - ENTRADA PRINCIPAL--NOME CORPORATIVO
Nome corporativo ou nome da jurisdição Fundacao Estadual de Engenharia do Meio Ambiente, Rio de Janeiro, RJ (Brasil)
9 (RLIN) 4883
245 1# - TÍTULO
Título Especies vegetais no controle da poluicao sonora (comportamento acustico de algumas especies cultivadas)
260 3# - PUBLICAÇÃO, DISTRIBUIÇÃO, ETC.
Local de publicação, distribuição, etc. Rio de Janeiro, RJ (Brasil):
Data da publicação, distribuição, etc. 1983.
300 ## - DESCRIÇÃO FÍSICA
Extensão 35 p.
490 ## - TÍTULO DA SÉRIE
Título da série Cadernos FEEMA. Serie Tecnica (Brazil)
Número do volume ou designação sequencial da série no. 20
ISSN - International Standard Serial Number
500 ## - NOTA GERAL
Nota geral 18 illus.; 13 graphs; 25 ref.; Summaries (En, Pt)
650 ## - ASSUNTO--TERMO TÓPICO
Cabeçalho tópico ou nome geográfico POLUICAO AMBIENTAL
650 ## - ASSUNTO--TERMO TÓPICO
Cabeçalho tópico ou nome geográfico POLUICAO SONORA
650 ## - ASSUNTO--TERMO TÓPICO
Cabeçalho tópico ou nome geográfico VEGETACAO
650 ## - ASSUNTO--TERMO TÓPICO
Cabeçalho tópico ou nome geográfico TAXONOMIA VEGETAL
909 ## -
-- 202312
-- Lúcia Elande
-- 55
-- Lúcia Elande
942 ## - ELEMENTOS DE ENTRADA ADICIONADOS (KOHA)
Fonte da classificação ou esquema de arquivamento na estante Classificação AGRIS
Ocultar no OPAC Não
Tipo de material Koha Monografia Seriada
Exemplares
Situação do descarte Fonte da classificação ou esquema de arquivamento na estante Situação física Não pode ser emprestado Coleção Biblioteca de origem Biblioteca atual Localização na estante Total de empréstimos Número de telefone completo Código de barras Data de último acesso Tipo de material Koha Fonte de aquisição
  Classificação AGRIS       Biblioteca Nacional de Agricultura - Binagri Biblioteca Nacional de Agricultura - Binagri Agrobase - Acervo Geral   T00 BR8301859 T00 BR8301859 18/12/2023 Monografia Seriada Portaria Interministerial nº 164/94

BINAGRI

Telefone: (61)3218-2567/2388/3357/2097 - binagri@agro.gov.br

Ministério da Agricultura e Pecuária , Esplanada dos Ministérios, Bloco D, Anexo B, Brasília/DF, CEP: 70.043-900